000 00561nam a2200145 a 4500
001 000013621
005 20200929163305.0
008 091126s2002 dr r 001 0 spa d
040 _aDO-SdBNP
_bspa
_cBNPHU
082 _axxxx
_bR426r
110 1 _aRepública Dominicana
_bSecretaría de Estado de Relaciones Exteriores
_92256
245 1 0 _aRecopilación de textos legales relacionados con la separación territorial domínico-haitiana llevada al terreno en 1929.
260 _aSanto Domingo :
_bEscuela Diplomática y Consular,
_c2002.
300 _a110 p. ;
_c21 cm.
999 _c13235
_d13235